Le 11 des joueurs surcotés - Statistiques

Statistiques générales
  • Ce quiz a été pris 329 fois
  • Le résultat moyen est 6 sur 12
Statistiques - réponses
Poste Club Joueur % Correct
Gardien de but Real Madrid Thibaut Courtois
92%
Défenseur droit PSG-Borussia Dortmund Thomas Meunier
79%
Défenseur central Manchester United Harry Maguire
78%
Défenseur gauche Manchester City Benjamin Mendy
55%
Défenseur central Arsenal David Luiz
45%
Buteur Juventus Turin Gonzalo Higuaín
44%
Entraîneur Tottenham Hotspur José Mourinho
44%
Attaquant gauche Real Madrid Eden Hazard
43%
Milieu offensif Tottenham Hotspur Dele Alli
41%
Milieu défensif FC Barcelone Ivan Rakitić
25%
Attaquant droit Naples José Callejón
23%
Milieu défensif Valence Geoffrey Kondogbia
22%
Aucun quiz correspondant
Distribution des résultats
% des personnes avec chaque résultat
Percentile par nombre de réponses
Votre historique - résultats
Vous n’avez pas pris ce quiz